[Event "Zhukovsky Rating-A 08"]
[Site "Zhukovsky"]
[Date "2009.08.14"]
[Round "5"]
[White "Titov, Sergo"]
[Black "Guseynov, Vafadar"]
[Result "1-0"]
[WhiteElo "1906"]
[BlackElo "1880"]
[PlyCount "59"]
[EventDate "2009.08.14"]
[EventType "swiss"]
[EventRounds "7"]
[EventCountry "RUS"]
[SourceTitle "EXT 2022"]
[Source "ChessBase"]
[SourceDate "2021.10.06"]
[SourceVersion "1"]
[SourceVersionDate "2021.10.06"]
[SourceQuality "1"]

1. d4 Nf6 2. Nf3 g6 3. h3 Bg7 4. c3 0-0 5. Qd3 d6 6. e4 Nbd7 7. Be3 c5 8. Nbd2 Qb6 9. 0-0-0 Qa5 10. Kb1 cxd4 11. Nb3 Qa4 12. cxd4 Nb6 13. Ka1 Be6 14. Nfd2 Rac8 15. d5 Bd7 16. Be2 Rc7 17. Rc1 Rfc8 18. Rxc7 Rxc7 19. f3 Nh5 20. Rc1 Qa3 21. Rb1 Qb4 22. f4 a5 23. Bxh5 gxh5 24. Bd4 Bb5 25. Qg3 e5 26. dxe6 fxe6 27. Bxb6 Rc3 28. Qg5 a4 29. Ba5 Qa3 30. Bxc3 1-0

[Event "Zhukovsky op-A"]
[Site "Zhukovsky"]
[Date "2009.01.??"]
[Round "2"]
[White "Titov, Sergo"]
[Black "Medvedev, Vladimir"]
[Result "1/2-1/2"]
[WhiteElo "1906"]
[BlackElo "2160"]
[PlyCount "57"]
[EventDate "2009.01.??"]
[EventType "swiss"]
[EventRounds "7"]
[EventCountry "RUS"]
[SourceTitle "EXT 2012"]
[Source "ChessBase"]
[SourceDate "2011.11.24"]
[SourceVersion "1"]
[SourceVersionDate "2011.11.24"]
[SourceQuality "1"]

1. d4 f5 2. g3 Nf6 3. Bg2 g6 4. Bf4 Bg7 5. c3 0-0 6. Nd2 d6 7. Qb3+ Kh8 8. Bxb7 Bxb7 9. Qxb7 Nbd7 10. Rb1 Nh5 11. Nh3 Rb8 12. Qc6 Rb6 13. Qa4 e5 14. Bg5 Qc8 15. dxe5 dxe5 16. Be7 Re8 17. Ba3 e4 18. 0-0 Ne5 19. f4 Ng4 20. Nc4 Ra6 21. Qb5 Rf6 22. Nf2 Nxf2 23. Rxf2 a6 24. Qa4 Rf7 25. Rd1 h6 26. Bc5 g5 27. e3 gxf4 28. exf4 Rg8 29. Ne3 1/2-1/2